Statistics for UK Parliament Constituencies: Northern Ireland

Click here to take the quiz!

General Stats

  • This quiz has been taken 135 times
  • The average score is 15 of 18

Answer Stats

Answer% Correct
Belfast East
99%
Belfast North
99%
Belfast South
99%
Belfast West
99%
Fermanagh and South Tyrone
92%
East Londonderry
89%
North Down
89%
South Down
89%
North Antrim
85%
East Antrim
84%
South Antrim
84%
West Tyrone
84%
Newry and Armagh
83%
Mid Ulster
66%
Foyle
57%
Strangford
52%
Lagan Valley
51%
Upper Bann
51%

Score Distribution

Percentile by Number Answered

Percent of People with Each Score

Your Score History

You have not taken this quiz